MARC

LEADER 00000nam0a2200000 4500
001 275487
005 20231101234829.0
035 |a (RuTPU)RU\TPU\book\298729 
090 |a 275487 
100 |a 20141114d1985 k y0rusy50 ca 
101 0 |a rus 
102 |a KZ 
105 |a a z 001zy 
200 1 |a Руды Джесказгана и условия их формирования  |f М. К. Сатпаева  |g Академия наук Республики Казахстан (АНРК), Институт геологических наук им. К. И. Сатпаева (ИГН) 
210 |a Алма-Ата  |c Наука Казахской ССР  |d 1985 
215 |a 208 с.  |c ил. 
320 |a Библиогр.: с. 197-206 
606 1 |a Медные месторождения  |2 stltpush  |3 (RuTPU)RU\TPU\subj\41839  |9 61616 
610 1 |a руды 
610 1 |a Джезказган 
610 1 |a формирование 
610 1 |a тектоника 
610 1 |a горные породы 
610 1 |a морфология 
610 1 |a минералогия 
610 1 |a образование 
675 |a 553.43  |v 4 
700 1 |a Сатпаева  |b М. К.  |g Меиз Канышевна 
712 0 2 |a Академия наук Республики Казахстан (АНРК)  |b Институт геологических наук им. К. И. Сатпаева (ИГН)  |c (Алма-Ата)  |2 stltpush  |3 (RuTPU)RU\TPU\col\15164 
801 1 |a RU  |b 63413507  |c 20141114 
801 2 |a RU  |b 63413507  |c 20210316  |g RCR 
942 |c BK